<?xml version="1.0" encoding="UTF-8"?><?xml-stylesheet type="text/xsl" href="static/style.xsl"?><OAI-PMH xmlns="http://www.openarchives.org/OAI/2.0/" xmlns:xsi="http://www.w3.org/2001/XMLSchema-instance" xsi:schemaLocation="http://www.openarchives.org/OAI/2.0/ http://www.openarchives.org/OAI/2.0/OAI-PMH.xsd"><responseDate>2026-04-17T02:46:57Z</responseDate><request verb="GetRecord" identifier="oai:www.recercat.cat:10459.1/69497" metadataPrefix="marc">https://recercat.cat/oai/request</request><GetRecord><record><header><identifier>oai:recercat.cat:10459.1/69497</identifier><datestamp>2024-12-05T21:39:21Z</datestamp><setSpec>com_2072_3622</setSpec><setSpec>col_2072_479130</setSpec></header><metadata><record xmlns="http://www.loc.gov/MARC21/slim" xmlns:dcterms="http://purl.org/dc/terms/" xmlns:xsi="http://www.w3.org/2001/XMLSchema-instance" xmlns:doc="http://www.lyncode.com/xoai" xsi:schemaLocation="http://www.loc.gov/MARC21/slim http://www.loc.gov/standards/marcxml/schema/MARC21slim.xsd">
   <leader>00925njm 22002777a 4500</leader>
   <datafield ind2=" " ind1=" " tag="042">
      <subfield code="a">dc</subfield>
   </datafield>
   <datafield ind2=" " ind1=" " tag="720">
      <subfield code="a">Ramos Pla, Anabel</subfield>
      <subfield code="e">author</subfield>
   </datafield>
   <datafield ind2=" " ind1=" " tag="260">
      <subfield code="c">2020-09-17T10:57:26Z</subfield>
   </datafield>
   <datafield ind2=" " ind1=" " tag="260">
      <subfield code="c">2020-09-17T10:57:26Z</subfield>
   </datafield>
   <datafield ind2=" " ind1=" " tag="260">
      <subfield code="c">2020</subfield>
   </datafield>
   <datafield ind2=" " ind1=" " tag="520">
      <subfield code="a">En este ensayo pretendemos abordar la historia del pensamiento filosófico como&#xd;
base y pilar fundamental de la pedagogía preventiva o previa sobre la muerte. En el&#xd;
escrito, se conceptualizará y contextualizará al lector sobre qué supone la educación&#xd;
preventiva sobre la muerte; no como ámbito escolar, sino como meta en el desarrollo&#xd;
humano. Con ello, se llevará a cabo un análisis de las diferentes visiones y de la&#xd;
situación actual tanto desde la perspectiva filosófica como pedagógica.</subfield>
   </datafield>
   <datafield ind2=" " ind1=" " tag="520">
      <subfield code="a">In this assay, we address the history of philosophical thought as the basis and&#xd;
cornerstone of preventive or previous education about death. In the article,&#xd;
conceptualises and contextualizes in the behalf of the reader about what constitutes&#xd;
death prevention education, not as a school setting, but as a goal in human&#xd;
development. This is intended to make an analysis of the different visions and the&#xd;
current situation both from the philosophical and pedagogical perspective.</subfield>
   </datafield>
   <datafield ind1="8" ind2=" " tag="024">
      <subfield code="a">http://hdl.handle.net/10459.1/69497</subfield>
   </datafield>
   <datafield tag="653" ind2=" " ind1=" ">
      <subfield code="a">Muerte</subfield>
   </datafield>
   <datafield tag="653" ind2=" " ind1=" ">
      <subfield code="a">Educación y filosofía</subfield>
   </datafield>
   <datafield tag="653" ind2=" " ind1=" ">
      <subfield code="a">Innovaciones educativas</subfield>
   </datafield>
   <datafield ind2="0" ind1="0" tag="245">
      <subfield code="a">Fundamentos y evolución de la pedagogía preventiva sobre la muerte a través de la filosofía</subfield>
   </datafield>
   <datafield ind2="0" ind1="0" tag="245">
      <subfield code="a">Foundations and Evolution of Preventive Education on death through the Philosophy</subfield>
   </datafield>
</record></metadata></record></GetRecord></OAI-PMH>